| 000 | 01208nam0a2200337 4500 | ||
|---|---|---|---|
| 001 | RU\NLR\bibl\116817 | ||
| 005 | 20260405102644.0 | ||
| 010 |
_a5-8451-0174-3 _915000 |
||
| 021 |
_aRU _b2000-28676 _91357 |
||
| 035 | _a(NLR Aleph) 000114395 | ||
| 090 |
_a649791 _c649791 |
||
| 100 | _a20001108d2000 |||y0rusy50 ca | ||
| 101 | 1 |
_arus _ceng |
|
| 102 | _aRU | ||
| 105 | _aa ||||||||| | ||
| 200 | 1 |
_aНаша планета _eЭнциклопедия _e[Для сред. шк. возраста] _fАнна Клэйбон, Джиллиан Доэрти, Ребекка Трейс _gПер. с англ. Т.Ю. Покидаевой |
|
| 210 |
_aМ. _cРосмэн _d2000 |
||
| 215 |
_a160 с. _cцв. ил. _d29 |
||
| 225 | 1 | _aТайны Вселенной | |
| 320 | _aУказ.: с. 156-160 | ||
| 686 |
_aШ9 _bД |
||
| 700 | 1 |
_4070 _7ca _8rus _aКлейборн _bА. _f1969- _gАнна _921353 _3RU\NLR\AUTH\7738369 |
|
| 701 | 1 |
_aДоэрти _bД. _gДжиллиан _4070 |
|
| 701 | 1 |
_aТрейс _bР. _gРебекка _4070 |
|
| 801 | 0 |
_aRU _bNLR _c20001108 _gPSBO |
|
| 801 | 1 |
_aRU _bNLR _c20001108 |
|
| 852 |
_aNLR _j2000-8/1768 |
||
| 942 | _cBOOK | ||
| 980 | _aNB | ||